000 00471nam a2200157Ia 4500
008 210716s2010 xx 000 0 und d
020 _a9780824726751
041 _aeng
082 _a621.38212 SARJ
100 _aSarangapani, Jagannathan.
245 _aWireless ad hoc and sensor networks: protocols performance and control.
_bProtocols performance and control.
250 _a1
260 _aNew York
_bCRC Press
_c2010
300 _a514
650 _aComputer Networks
999 _c192907
_d192907